Fichas de trabalho de introdução à actividade económica: 9º ano de escolaridade

Gespeichert in:
Bibliographische Detailangaben
1. Verfasser: Campos, Ana Rita Vilhena
Weitere Verfasser: Castro, Rosa
Format: keine Angabe
Sprache:Portugiesisch
Erschienen: Porto Porto Editora 1988
Katalog:MANES:  Suchergebnis im Bibliothekskatalog
Schulbuchspezifische Eigenschaften:
Tags: Tag hinzufügen
Keine Tags, Fügen Sie den ersten Tag hinzu!
Hinzugefügt zu:26.04.2016
Geändert in:25.04.2025

MARC

LEADER 000000000a22000000004500
001 26554
003 OSt
005 20250425111412.0
008 160427s pt ||||| |||| 00| 0 por d
040 |c centro_manes 
041 1 |a por 
100 1 |a Campos, Ana Rita Vilhena  |9 15249 
245 0 0 |a Fichas de trabalho de introdução à actividade económica: 9º ano de escolaridade 
260 3 |a Porto  |b Porto Editora  |c 1988 
300 |a 103, [1] p.;  |c 24 cm 
561 |5 pt-BNP  |a Portugal. Biblioteca Nacional de Portugal  |k MANES 
690 |a CS 
691 |a SE 
700 1 |a Castro, Rosa  |9 15250 
942 |2 ddc  |c BK 
546 |a Portugal 
999 |c 28016  |d 28016 
999 |c manes:28016  |d 28016